000 nam a22 4500
999 _c30390
_d30390
008 190520b xxu||||| |||| 00| 0 eng d
040 _aMKsu
050 _aRG 734
_b .A1998
100 _aHuntington Dale
245 _aAdvances and challenges in postabortion care operations research :
_bsummary report of a global meeting /
_cDale Huntington,Population council
260 _aNew York :
_bpopulation council
_c1998
300 _av,37p. :
_bill. ;
_c21cm
650 _aPostabortion
_xCare
_ypublic health
942 _2lcc
_cBOOKS
_hRG 734 .A1998